Famous LGBT Women Quiz Stats

 Plays Quiz not verified by Sporcle

Challenge
Share
Tweet
Embed
Score 0/20 Timer 06:00
0 Plays Today
Hint Answer % Correct
Popular talk show hostEllen DeGeneres
97.4%
Child star of 'E.T.' and director of 'Whip It'Drew Barrymore
76.1%
Star of 'Transformers' and Eminem's music video for 'Love the Way You Lie'Megan Fox
61.4%
Sue SylvesterJane Lynch
59.7%
'I'm Like a Bird' and 'Promiscuous' singerNelly Furtado
58%
MySpace celebrity who took two 'Shots at Love'Tila Tequila
46.9%
'True Blood's' Sookie StackhouseAnna Paquin
45.2%
'Sex and the City's' Miranda HobbesCynthia Nixon
44.6%
Daughter of former Vice President Dick CheneyMary Cheney
35.5%
Country singer famous for hit 'Constant Craving'k.d. lang
33.2%
Hint Answer % Correct
Actress who is best known for portraying Darlene Conner and Leslie WinkleSara Gilbert
32.4%
'Family Ties' momMeredith Baxter
23.6%
Famous financial advisor with her own program on CNBC Suze Orman
21.9%
Actress known for her appearances on 'Laugh-In', also the voice of Ms. Frizzle on 'The Magic School Bus'Lily Tomlin
19.6%
First winner of 'America's Next Top Model' and wife of Peter BradyAdrianne Curry
17.3%
Anne Hathaway's best friend in 'The Princess Diaries'Heather Matarazzo
16.8%
Cybill Shepherd's daughter; portrays Mackenzie Browning on 'The Young and the Restless'Clementine Ford
11.1%
Vintage actress; famous for roles in 'Shanghai Express' and 'Desire'Marlene Dietrich
10.5%
Singer-songwriter and founder of Righteous Babe RecordsAni DiFranco
10.5%
Female vocalist in the B-52'sKate Pierson
8%

You're not logged in!

Compare scores with friends on all Sporcle quizzes.
OR
Log In

You Might Also Like...

Show Comments

Extras

Created Aug 20, 2010ReportNominate

Top Quizzes Today


Score Distribution

Your Account Isn't Verified!

In order to create a playlist on Sporcle, you need to verify the email address you used during registration. Go to your Sporcle Settings to finish the process.

Report this User

Report this user for behavior that violates our Community Guidelines.

Details: